[Event "TCh-ROU Superliga 2015"]
[Site "Mamaia ROU"]
[Date "2015.10.04"]
[Round "2.4"]
[White "Areshchenko, A"]
[Black "Deac, Bogdan-Daniel"]
[Result "1-0"]
[WhiteElo "2672"]
[BlackElo "2455"]
[EventDate "2015.10.03"]
[WhiteTitle "GM"]
[BlackTitle "IM"]
[WhiteTeam "CS STUDENTESC MEDICINA TIMISOARA"]
[BlackTeam "CSU PLOIESTI"]
[WhiteFideId "14109530"]
[BlackFideId "1226380"]
[EventType "team"]

1.e4 e5 2.Nf3 Nc6 3.Bc4 Bc5 4.O-O Nf6 5.d3 a6 6.c3 Ba7 7.Bb3 d6 8.Nbd2 O-O
9.h3 Ne7 10.Re1 Ng6 11.Nf1 Nh5 12.d4 Qe8 13.Ne3 Nhf4 14.Nf5 Ne6 15.Be3 Nd8
16.Ng5 Ne6 17.Bxe6 fxe6 18.Qh5 h6 19.Qxg6 1-0

[Event "TCh-ROU Superliga w 2015"]
[Site "Mamaia ROU"]
[Date "2015.10.03"]
[Round "1.1"]
[White "Sandu, Mi"]
[Black "Olea, L"]
[Result "0-1"]
[WhiteElo "2246"]
[BlackElo "1932"]
[EventDate "2015.10.03"]
[WhiteTitle "WGM"]
[WhiteTeam "CS Stud. Medicina Timisoara"]
[BlackTeam "CS Universitatea Arad"]
[WhiteFideId "1204327"]
[BlackFideId "1202138"]
[EventType "team"]

1.e4 e5 2.Nf3 Nc6 3.Bc4 Bc5 4.d3 d6 5.c3 Nf6 6.Bb3 a6 7.O-O O-O 8.Nbd2 Be6
9.Bc2 d5 10.exd5 Nxd5 11.Ne4 Qe7 12.Nxc5 Qxc5 13.d4 exd4 14.cxd4 Qd6 15.a3
Rad8 16.h3 Nf4 17.Be3 Bd5 18.Qd2 Nxh3+ 19.Kh1 Bxf3 20.gxf3 Nxd4 21.Be4 Qe5
22.Kg2 Nxf3 23.Qc2 Nfg5 24.Bxb7 Nf4+ 25.Bxf4 Qxf4 26.Rad1 Qg4+ 27.Kh2 Rb8 
28.Bg2 Rb6 0-1

[Event "TCh-ROU Superliga w 2015"]
[Site "Mamaia ROU"]
[Date "2015.10.03"]
[Round "1.1"]
[White "Jakab, Kincso"]
[Black "Firaru, R"]
[Result "1-0"]
[WhiteElo "1768"]
[BlackElo "1700"]
[EventDate "2015.10.03"]
[WhiteTeam "CS Stud. Medicina Timisoara"]
[BlackTeam "CS Universitatea Arad"]
[WhiteFideId "1232002"]
[BlackFideId "1218972"]
[EventType "team"]

1.e4 e5 2.Nf3 Nc6 3.Bc4 Bc5 4.Bb3 Nf6 5.d3 a6 6.O-O O-O 7.Re1 d5 8.exd5 
Nxd5 9.Nbd2 f6 10.Ne4 Ba7 11.Be3 Kh8 12.Bxa7 Rxa7 13.h3 Nf4 14.Qd2 Qe8 15.
Ng3 Qg6 16.Qe3 Ra8 17.Rad1 Ne7 18.Qc5 Bxh3 19.gxh3 Nxh3+ 20.Kf1 Nf5 21.
Nxf5 Qxf5 22.Re3 Nf4 23.Re4 Qh3+ 24.Ke1 Qxf3 25.Kd2 c6 26.Rde1 h5 27.Kc1 
h4 28.Qe3 Qxe3+ 29.fxe3 Nd5 30.Rxh4+ Kg8 31.e4 Rad8 32.exd5 cxd5 33.c4 Rc8
34.Kb1 Rfd8 35.cxd5 Kf8 36.d4 Re8 37.Rh8+ Ke7 38.Rxe8+ 1-0

[Event "9th Universidad Central"]
[Site "Bogota COL"]
[Date "2015.10.08"]
[Round "1.75"]
[White "Cuellar Canosa, Nicolas"]
[Black "Manrique, F"]
[Result "1-0"]
[WhiteElo "1384"]
[BlackElo "1985"]
[EventDate "2015.10.08"]
[BlackTitle "CM"]
[WhiteFideId "4453670"]
[BlackFideId "4417844"]

1.e4 e5 2.Nf3 Nc6 3.Bc4 Bc5 4.b4 Bxb4 5.c3 Ba5 6.d4 exd4 7.O-O dxc3 8.Qb3 
Qf6 9.Bg5 Qg6 10.Nxc3 Bxc3 11.Qxc3 Nf6 12.e5 Ne4 13.Qe3 O-O 14.Bd3 d5 15.
exd6 f5 16.dxc7 Nxg5 17.Nxg5 Bd7 18.Bc4+ Kh8 19.Rfd1 f4 20.Qc5 Bf5 21.Nf3 
Be4 22.Bd5 Bxd5 23.Rxd5 h6 24.Rd7 Rfe8 25.Rad1 Kh7 26.Qc4 Rac8 27.Qxf4 Re4
28.Qf7 Qxf7 29.Rxf7 Rc4 30.g3 Nb4 31.Rdd7 Rg8 32.Nh4 Nxa2 33.Nf5 a5 34.
Nxg7 Kg6 35.Ne6 a4 36.Rf3 Nc3 37.Rd8 1-0

[Event "9th Universidad Central"]
[Site "Bogota COL"]
[Date "2015.10.08"]
[Round "2.83"]
[White "Medina Barrios, Lina Maria"]
[Black "Contreras R, Wilson Mauricio"]
[Result "1/2-1/2"]
[WhiteElo "1405"]
[BlackElo "1792"]
[EventDate "2015.10.08"]
[WhiteFideId "4441303"]
[BlackFideId "4426886"]

1.e4 e5 2.Nf3 Nc6 3.Bc4 Nf6 4.d3 Bb4+ 5.c3 Ba5 6.b4 Bb6 7.b5 d5 8.exd5 Ne7
9.Nxe5 O-O 10.O-O Nfxd5 11.Re1 Bc5 12.Bb2 Bf5 13.d4 Bd6 14.Qf3 Be6 15.Nd2 
c6 16.bxc6 bxc6 17.Ne4 Bxe5 18.dxe5 Qb8 19.Ba3 Qxe5 20.Bxe7 Nxe7 21.Nd2 
Qc5 22.Bb3 Ng6 23.Ne4 Qe7 24.Ng3 Qc5 25.Rad1 Bxb3 26.axb3 Ne5 27.Qe3 Qxe3 
28.Rxe3 f6 29.Ra1 Rfd8 30.h3 Rd2 31.Ne4 Rb2 32.c4 f5 33.Nc5 Ng6 34.Re6 
1/2-1/2

[Event "9th Universidad Central"]
[Site "Bogota COL"]
[Date "2015.10.09"]
[Round "3.22"]
[White "Acevedo, Jo"]
[Black "Gemy, J"]
[Result "0-1"]
[WhiteElo "2022"]
[BlackElo "2418"]
[EventDate "2015.10.08"]
[BlackTitle "IM"]
[WhiteFideId "4401794"]
[BlackFideId "3301478"]

1.e4 e5 2.Nf3 Nc6 3.Bc4 Bc5 4.b4 Bxb4 5.c3 Bd6 6.O-O Na5 7.Be2 f6 8.Na3 a6
9.d4 b5 10.c4 exd4 11.cxb5 Ne7 12.Qa4 c5 13.bxc6 Nexc6 14.Nc4 Nxc4 15.Bxc4
Qa5 16.Qd1 Qc3 17.Qe2 Qxa1 18.Bb2 d3 19.Bxd3 Qxa2 20.Bc4 Qa5 21.e5 Bxe5 
22.Nxe5 fxe5 23.Ra1 Qc7 24.Qh5+ g6 25.Qh6 d6 26.Ba3 Bb7 27.Be6 Nd4 28.Bg4 
Qc6 29.Bh3 Nf5 0-1

[Event "9th Universidad Central"]
[Site "Bogota COL"]
[Date "2015.10.10"]
[Round "5.44"]
[White "Parra, Diego Alexander"]
[Black "Molina, G"]
[Result "0-1"]
[WhiteElo "1876"]
[BlackElo "2072"]
[EventDate "2015.10.08"]
[WhiteFideId "4425413"]
[BlackFideId "4403827"]

1.e4 e5 2.Nf3 Nc6 3.Bc4 Nf6 4.Ng5 d5 5.exd5 Na5 6.Bb5+ c6 7.dxc6 bxc6 8.
Qf3 Rb8 9.Bxc6+ Nxc6 10.Qxc6+ Nd7 11.d3 Be7 12.Ne4 O-O 13.Nbc3 f5 14.Nd5 
0-1

[Event "9th Universidad Central"]
[Site "Bogota COL"]
[Date "2015.10.10"]
[Round "6.37"]
[White "Corredor, F"]
[Black "Caderon Zuta, Nicolas"]
[Result "1-0"]
[WhiteElo "2096"]
[BlackElo "1754"]
[EventDate "2015.10.08"]
[WhiteFideId "4409299"]
[BlackFideId "4428854"]

1.e4 e5 2.Bc4 Nc6 3.Nf3 Bc5 4.d3 d6 5.c3 Nf6 6.O-O O-O 7.Bb3 Bb6 8.Re1 Be6
9.Bc2 Re8 10.Bg5 h6 11.Bh4 Bg4 12.Nbd2 g6 13.Nf1 Kg7 14.h3 Bd7 15.Ne3 Qc8 
16.Qe2 Ne7 17.Rad1 Nh5 18.d4 Nf4 19.Qf1 g5 20.Bg3 Neg6 21.Nf5+ Kh7 22.Nh2 
h5 23.dxe5 dxe5 24.Rd2 Ne7 25.Red1 Nxf5 26.Bxf4 gxf4 27.exf5 Bxf5 28.Qe2 
Bg6 29.Qxh5+ 1-0

[Event "Chigorin Memorial 2015"]
[Site "St Petersburg RUS"]
[Date "2015.10.05"]
[Round "3.35"]
[White "Demchenko, A"]
[Black "Samdanov, S"]
[Result "1-0"]
[WhiteElo "2595"]
[BlackElo "2315"]
[EventDate "2015.10.03"]
[WhiteTitle "GM"]
[BlackTitle "FM"]
[WhiteFideId "4160258"]
[BlackFideId "4188101"]
[EventType "swiss"]

1.e4 e5 2.Nf3 Nc6 3.Bc4 Bc5 4.d3 Nf6 5.Bg5 h6 6.Bh4 Be7 7.O-O d6 8.a4 a5 
9.c3 O-O 10.Nbd2 Nh5 11.Bg3 Nxg3 12.fxg3 Kh8 13.Qb3 f5 14.exf5 Rxf5 15.Bf7
Qd7 16.Bd5 g5 17.h3 Nd8 18.d4 exd4 19.Nxd4 Rxf1+ 20.Rxf1 c6 21.Nc4 Rb8 22.
Nb6 Qe8 23.Bf7 Nxf7 24.Qxf7 Qd8 25.Qg6 1-0

[Event "Chigorin Memorial 2015"]
[Site "St Petersburg RUS"]
[Date "2015.10.05"]
[Round "3.137"]
[White "Slugin, Yaroslav"]
[Black "Feduk, V"]
[Result "1-0"]
[WhiteElo "1895"]
[BlackElo "2136"]
[EventDate "2015.10.03"]
[WhiteFideId "34142913"]
[BlackFideId "4173368"]
[EventType "swiss"]

1.e4 e5 2.Nf3 Nc6 3.Bc4 Bc5 4.c3 Nf6 5.d4 exd4 6.cxd4 Bb4+ 7.Bd2 Bxd2+ 8.
Nbxd2 d5 9.exd5 Nxd5 10.Qb3 Na5 11.Qa4+ Nc6 12.Qc2 O-O 13.O-O Nb6 14.Qe4 
Nxc4 15.Nxc4 Be6 16.Ne3 Re8 17.d5 f5 18.Qc4 Bf7 19.Qb5 Ne5 20.Nxe5 Rxe5 
21.Qd3 Qd7 22.f4 Re4 23.Rad1 Rae8 24.Nc4 Qb5 25.Ne5 Qxb2 26.d6 Qb6+ 27.Kh1
Qxd6 28.Qb5 Qb6 29.Qd7 Rf8 30.Qxf5 Rd4 31.Nd7 Rxd1 32.Rxd1 Qe6 33.Qxe6 
Bxe6 34.Nxf8 Kxf8 35.a3 c5 36.Kg1 Ke7 37.Kf2 b5 38.Ke3 Bb3 39.Rd2 a5 40.
Kd3 b4 41.axb4 axb4 42.Re2+ Kd6 43.Re5 c4+ 44.Kd4 c3 45.Re1 Ba2 46.Ra1 c2 
47.Kd3 Bb3 48.Kd2 Kc5 49.Ra7 g6 50.Rxh7 Ba4 51.Rc7+ Kd4 52.Rxc2 Bxc2 53.
Kxc2 Ke3 54.g3 Kd4 55.Kb3 Kc5 56.g4 Kd4 57.h4 Ke4 58.h5 gxh5 59.gxh5 Kf5 
60.Kxb4 1-0

[Event "Chigorin Memorial 2015"]
[Site "St Petersburg RUS"]
[Date "2015.10.05"]
[Round "3.180"]
[White "Mirzaeva, Gulnara"]
[Black "Pogorelskikh, Sofia"]
[Result "1-0"]
[WhiteElo "1890"]
[BlackElo "1616"]
[EventDate "2015.10.03"]
[WhiteFideId "24178780"]
[BlackFideId "44164548"]
[EventType "swiss"]

1.e4 e5 2.Nf3 Nc6 3.Bc4 Nf6 4.d3 Bc5 5.c3 a6 6.Bb3 d6 7.h3 h6 8.O-O Ba7 9.
Re1 Ne7 10.d4 exd4 11.cxd4 O-O 12.Qd3 d5 13.e5 Nh7 14.Nh4 Re8 15.Nc3 Nc6 
16.Qg3 Ng5 17.Rd1 Bxd4 18.Bxd5 Bxe5 19.Bf4 Qf6 20.Bxe5 Nxe5 21.f4 Nxh3+ 
22.gxh3 Nc6 23.Ne4 Qxb2 24.Rab1 Qa3 25.Qxa3 1-0

[Event "Chigorin Memorial 2015"]
[Site "St Petersburg RUS"]
[Date "2015.10.06"]
[Round "4.32"]
[White "Balaian, Ali"]
[Black "Goganov, A"]
[Result "0-1"]
[WhiteElo "2269"]
[BlackElo "2603"]
[EventDate "2015.10.03"]
[WhiteTitle "WIM"]
[BlackTitle "GM"]
[WhiteFideId "24115347"]
[BlackFideId "24109959"]
[EventType "swiss"]

1.e4 e5 2.Nf3 Nc6 3.Bc4 Bc5 4.c3 Nf6 5.d4 exd4 6.e5 d5 7.Bb5 Ne4 8.cxd4 
Bb6 9.Nc3 O-O 10.Be3 Nxc3 11.bxc3 f6 12.Bxc6 bxc6 13.Qa4 Bd7 14.exf6 c5 
15.Qa3 cxd4 16.fxg7 Rxf3 17.gxf3 dxe3 18.O-O-O c6 19.fxe3 Bxe3+ 20.Kb2 Qf6
21.Qb3 Be6 22.Qb7 Rd8 23.Rhe1 d4 24.Ka1 dxc3 25.Rxd8+ Qxd8 26.Qxc6 Qf6 27.
Qa8+ Kxg7 28.Qb7+ Kh6 0-1

[Event "Chigorin Memorial 2015"]
[Site "St Petersburg RUS"]
[Date "2015.10.06"]
[Round "4.108"]
[White "Shubin, Kirill"]
[Black "Zhivotovskaya, Asya"]
[Result "1-0"]
[WhiteElo "2176"]
[BlackElo "1810"]
[EventDate "2015.10.03"]
[WhiteFideId "34119962"]
[BlackFideId "24166014"]
[EventType "swiss"]

1.e4 e5 2.Nf3 Nc6 3.Bc4 Bc5 4.b4 Bxb4 5.c3 Ba5 6.d4 exd4 7.Qb3 Qe7 8.O-O 
Nf6 9.Ba3 d6 10.e5 Nxe5 11.Nxe5 Qxe5 12.cxd4 Qe7 13.Qa4+ Qd7 14.Qxa5 O-O 
15.Nc3 b6 16.Qg5 h6 17.Qg3 Bb7 18.d5 Qf5 19.Bb2 Nh5 20.Qd3 Qg5 21.Ne4 Qg6 
22.Rad1 Nf4 23.Qf3 Rae8 24.Ng3 Qc2 25.Bc3 g5 26.Rc1 Qg6 27.Bd2 h5 28.Bb3 
Nd3 29.Bc2 Ne5 30.Qb3 f5 31.Qb5 Bc8 32.f4 Ng4 33.Rce1 Rxe1 34.Rxe1 Qf6 35.
Qc4 Ba6 36.Qc3 Qxc3 37.Bxc3 gxf4 38.Nxf5 1-0

[Event "Chigorin Memorial 2015"]
[Site "St Petersburg RUS"]
[Date "2015.10.06"]
[Round "4.133"]
[White "Kopylov, Yuriy"]
[Black "Ivanov, Artem"]
[Result "1-0"]
[WhiteElo "2088"]
[BlackElo "1898"]
[EventDate "2015.10.03"]
[WhiteFideId "34157570"]
[BlackFideId "34101990"]
[EventType "swiss"]

1.e4 e5 2.Nf3 Nc6 3.Bc4 Nf6 4.d4 exd4 5.O-O Nxe4 6.Re1 d5 7.Bxd5 Qxd5 8.
Nc3 Qa5 9.Nxe4 Be6 10.Bd2 Qd5 11.Bg5 Be7 12.Bxe7 Nxe7 13.Qxd4 O-O 14.Neg5 
Nc6 15.Qf4 Bc8 16.Qxc7 h6 17.Ne4 Bg4 18.Qg3 f5 19.Nc3 Qc5 20.Rad1 Rae8 21.
Rxe8 Rxe8 22.h3 Bh5 23.Rd7 Re7 24.Rxe7 Qxe7 25.Nd5 Qf7 26.c4 b6 27.Ne5 
Nxe5 28.Qxe5 Kh7 29.b4 Qd7 30.c5 bxc5 31.bxc5 Bf7 32.Ne7 Be6 33.Qd6 Qxd6 
34.cxd6 a6 35.Nc6 Kg8 36.Ne5 Kf8 37.a3 Ke8 38.f4 Bf7 39.d7+ 1-0

[Event "Chigorin Memorial 2015"]
[Site "St Petersburg RUS"]
[Date "2015.10.06"]
[Round "4.161"]
[White "Martynov, Petr"]
[Black "Lazhevskaya, Z"]
[Result "1/2-1/2"]
[WhiteElo "1889"]
[BlackElo "2098"]
[EventDate "2015.10.03"]
[WhiteFideId "24175900"]
[BlackFideId "4143981"]
[EventType "swiss"]

1.e4 e5 2.Nf3 Nc6 3.Bc4 Nf6 4.d3 h6 5.c3 Bc5 6.O-O d6 7.Nbd2 O-O 8.Bb3 Be6
9.h3 Qd7 10.Nc4 b5 11.Ne3 a5 12.Bc2 Bb6 13.d4 exd4 14.cxd4 d5 15.exd5 Nxd5
16.Qd3 Nf6 17.d5 Bxd5 18.Ng4 Ne4 19.Qxb5 Rab8 20.Qa4 Nc5 21.Qf4 Bxf3 22.
Qxf3 Nd4 23.Qd1 Nxc2 24.Qxc2 Qd3 25.Qd1 Rbd8 26.Be3 f5 27.Bxc5 Bxc5 28.Ne5
Bxf2+ 29.Kxf2 Qb5 30.Qb3+ Qxb3 31.axb3 Rd2+ 32.Kg1 Rxb2 33.Rxa5 Rxb3 34.
Rc5 Rb2 35.Rxc7 Re8 36.Rxf5 Rb5 37.Rff7 Rexe5 38.Rxg7+ Kh8 39.Rh7+ Kg8 40.
Rxh6 Rg5 41.Rd6 Rb8 42.Kh2 Rgb5 43.Kg3 Rg5+ 44.Kf3 Rf8+ 45.Ke4 1/2-1/2

[Event "Chigorin Memorial 2015"]
[Site "St Petersburg RUS"]
[Date "2015.10.06"]
[Round "4.182"]
[White "Khlopushin, Dmitriy"]
[Black "Smorodkin, Kirill"]
[Result "1-0"]
[WhiteElo "1788"]
[BlackElo "1516"]
[EventDate "2015.10.03"]
[WhiteFideId "44147864"]
[BlackFideId "44176678"]
[EventType "swiss"]

1.e4 e5 2.Nf3 Nc6 3.Bc4 Nf6 4.d4 exd4 5.e5 d5 6.Bb5 Ne4 7.Nxd4 Bc5 8.Be3 
O-O 9.Nxc6 bxc6 10.Bxc5 Nxc5 11.Bxc6 Bb7 12.Bxb7 Nxb7 13.O-O f6 14.exf6 
Rxf6 15.Nc3 c6 16.Qg4 Qc7 17.Rfe1 Raf8 18.Re2 Rg6 19.Qh4 Rh6 20.Qg3 Qxg3 
21.hxg3 Nd6 22.Rae1 Rhf6 23.f3 h5 24.Kh2 Kh7 25.Na4 Rh6 26.Re7 a5 27.Ra7 
h4 28.g4 h3 29.Ree7 hxg2+ 30.Kxg2 Rg8 31.Rxa5 Nb5 32.c3 Rf8 33.Nc5 d4 34.
Ne6 Rg8 35.a4 dxc3 36.bxc3 Nxc3 37.Ng5+ Kg6 38.Re6# 1-0

[Event "Chigorin Memorial 2015"]
[Site "St Petersburg RUS"]
[Date "2015.10.06"]
[Round "4.183"]
[White "Zvereva, Svetlana"]
[Black "Morozov, B"]
[Result "0-1"]
[WhiteElo "1545"]
[BlackElo "1770"]
[EventDate "2015.10.03"]
[WhiteFideId "24121282"]
[BlackFideId "4129695"]
[EventType "swiss"]

1.e4 e5 2.Nf3 Nc6 3.Bc4 Nf6 4.d4 exd4 5.O-O Nxe4 6.Re1 d5 7.Bxd5 Qxd5 8.
Nc3 Qa5 9.Nxe4 Be6 10.Neg5 O-O-O 11.Nxe6 fxe6 12.Rxe6 Qf5 13.Qe1 Bb4 14.
Qe4 Qxe4 15.Rxe4 Rhe8 16.Rxe8 Rxe8 17.Kf1 h6 18.Bf4 Re4 19.Bg3 Be7 20.a3 
Bf6 21.Ne1 Ne7 22.f3 Re6 23.Nd3 Nf5 24.Bf2 b6 25.Re1 Rxe1+ 26.Kxe1 c5 27.
b3 Kd7 28.Ke2 Kc6 29.g4 Nd6 30.Bg3 b5 31.Be5 Bxe5 32.Nxe5+ Kd5 33.Nd3 c4 
34.Nf4+ Ke5 35.Ng6+ Kf6 36.Nf8 g5 37.Nd7+ Ke6 38.Nc5+ Kd5 39.Nd7 Nf7 40.
Nf6+ Ke6 41.Ne4 Ne5 42.Nd2 Kd5 43.Kf2 d3 44.c3 cxb3 45.Ke3 b2 46.h3 Nc4+ 
47.Kxd3 Nxd2 0-1

[Event "Chigorin Memorial 2015"]
[Site "St Petersburg RUS"]
[Date "2015.10.07"]
[Round "5.32"]
[White "Malakhov, I"]
[Black "Isakov, An"]
[Result "1-0"]
[WhiteElo "2438"]
[BlackElo "2286"]
[EventDate "2015.10.03"]
[WhiteTitle "IM"]
[WhiteFideId "4183088"]
[BlackFideId "4151003"]
[EventType "swiss"]

1.e4 e5 2.Nf3 Nc6 3.Bc4 Nf6 4.Ng5 d5 5.exd5 Na5 6.d3 h6 7.Nf3 e4 8.Qe2 
Nxc4 9.dxc4 Bd6 10.Nd4 O-O 11.Be3 c6 12.dxc6 bxc6 13.Nd2 Re8 14.h3 c5 15.
Nb5 Be5 16.O-O-O Qe7 17.Nb3 Nd7 18.Qd2 Nb6 19.Bxc5 Qf6 20.Bd4 Nxc4 21.Qc3 
Bxd4 22.Rxd4 Be6 23.Qg3 Rab8 24.Nc7 Rec8 25.Nxe6 Qxe6 26.Nc5 Qb6 27.Rxc4 
Qxb2+ 28.Kd2 Rb5 29.Nd3 1-0

[Event "Chigorin Memorial 2015"]
[Site "St Petersburg RUS"]
[Date "2015.10.07"]
[Round "5.44"]
[White "Bok, B"]
[Black "Miroshnichenko, P"]
[Result "1-0"]
[WhiteElo "2591"]
[BlackElo "2255"]
[EventDate "2015.10.03"]
[WhiteTitle "GM"]
[WhiteFideId "1017063"]
[BlackFideId "4188659"]
[EventType "swiss"]

1.e4 e5 2.Nf3 Nc6 3.Bc4 Bc5 4.O-O Nf6 5.d3 O-O 6.Nbd2 a6 7.c3 Ba7 8.h3 d5 
9.exd5 Nxd5 10.Ne4 h6 11.Bxh6 Nxc3 12.bxc3 gxh6 13.Re1 Bf5 14.Bd5 Re8 15.
Qd2 Bxe4 16.Bxe4 Qf6 17.Bxc6 bxc6 18.Re4 Re6 19.Rae1 Rae8 20.Qe2 Qg7 21.
Rg4 Rg6 22.Rxg6 fxg6 23.Nxe5 Kh7 24.d4 a5 25.h4 h5 26.Qd1 c5 27.Nf3 Rxe1+ 
28.Qxe1 cxd4 29.cxd4 Bxd4 30.Qxa5 Bb6 31.Qd2 c5 32.Ng5+ Kh8 33.Qe2 Qa1+ 
34.Kh2 Qf6 35.Qe8+ Kg7 36.Qd7+ Kg8 37.Qd5+ Kh8 38.Nf3 Bc7+ 39.g3 c4 40.Kg2
c3 41.Qc5 Bb6 42.Qc8+ Kg7 43.a4 Bd8 44.Ng5 Bb6 45.Ne4 Qe5 46.Qxc3 Bd4 47.
Qf3 Qe7 48.a5 Qa7 49.Ng5 Bf6 50.Ne6+ Kf7 51.Qd5 Ke7 52.Nf4 1-0

[Event "Chigorin Memorial 2015"]
[Site "St Petersburg RUS"]
[Date "2015.10.07"]
[Round "5.89"]
[White "Kulagin, S"]
[Black "Bekhovskiy, Mikhail"]
[Result "1/2-1/2"]
[WhiteElo "2055"]
[BlackElo "2264"]
[EventDate "2015.10.03"]
[WhiteFideId "4193253"]
[BlackFideId "24128317"]
[EventType "swiss"]

1.e4 e5 2.Bc4 Nc6 3.Nf3 Bc5 4.c3 Nf6 5.d3 a6 6.Bb3 d6 7.O-O O-O 8.Nbd2 Ne7
9.Nh4 Ba7 10.h3 Ng6 11.Nxg6 hxg6 12.Nf3 Qe8 13.Be3 Bxe3 14.fxe3 Nh7 15.Qe1
Be6 16.Bxe6 Qxe6 17.Qh4 Qf6 18.Qg4 Qe7 19.Rf2 Rae8 20.Raf1 Qe6 21.Qxe6 
Rxe6 22.Nd2 Nf6 23.Nc4 b5 24.Nd2 Re7 25.c4 c5 26.Rf3 Rb8 27.R3f2 Rbb7 28.
Rc1 Nd7 29.Rc2 Nb8 30.Rf1 Nc6 31.a3 Rec7 32.Rfc1 b4 33.a4 Re7 34.b3 Rec7 
35.Rf1 Re7 36.Re1 Rec7 37.Rf1 Re7 38.Re1 Rec7 39.Rf1 a5 40.Rf2 Re7 41.Rf1 
1/2-1/2

[Event "Chigorin Memorial 2015"]
[Site "St Petersburg RUS"]
[Date "2015.10.07"]
[Round "5.158"]
[White "Yakovlev, YuriS"]
[Black "Golovkina, Anastasia"]
[Result "1/2-1/2"]
[WhiteElo "1971"]
[BlackElo "1790"]
[EventDate "2015.10.03"]
[WhiteFideId "4173929"]
[BlackFideId "12946788"]
[EventType "swiss"]

1.e4 e5 2.Nf3 Nc6 3.Bc4 Bc5 4.c3 Nf6 5.d4 exd4 6.e5 d5 7.Bb5 Ne4 8.cxd4 
Bb4+ 9.Nbd2 Bd7 10.Be2 O-O 11.O-O Nxd2 12.Bxd2 Bxd2 13.Qxd2 Qe7 14.Rac1 
Rac8 15.Rfe1 Be6 16.Bd3 Nb8 17.Ng5 h6 18.Nxe6 Qxe6 19.Qf4 f5 20.exf6 Qxf6 
21.Qxf6 Rxf6 22.Re7 Nc6 23.Rd7 Rf4 24.Rxd5 Rxd4 25.Bc4 Kh8 26.Rxd4 Nxd4 
27.Re1 Rd8 28.f4 Rd7 29.Kf2 g6 30.g4 Kg7 31.Re8 b5 32.Bd3 c6 33.Ke3 Kf7 
34.Rh8 Kg7 35.Rc8 a5 36.Be4 Rd6 37.Rc7+ Kg8 38.Bxg6 Rxg6 39.Kxd4 Rxg4 40.
Ke5 Rg2 41.Rxc6 Rxh2 42.Kf6 Rxb2 43.Rc8+ Kh7 44.Rc7+ Kg8 45.Rc8+ 1/2-1/2

[Event "Chigorin Memorial 2015"]
[Site "St Petersburg RUS"]
[Date "2015.10.08"]
[Round "6.32"]
[White "Bodnaruk, A"]
[Black "Palchun, G"]
[Result "1-0"]
[WhiteElo "2459"]
[BlackElo "2315"]
[EventDate "2015.10.03"]
[WhiteTitle "IM"]
[WhiteFideId "4181751"]
[BlackFideId "24147338"]
[EventType "swiss"]

1.e4 e5 2.Nf3 Nc6 3.Bc4 Nf6 4.d3 Be7 5.O-O O-O 6.Re1 d6 7.c3 Na5 8.Bb5 a6 
9.Ba4 b5 10.Bc2 c5 11.Nbd2 Bb7 12.Nf1 Re8 13.Ng3 Bf8 14.d4 Qc7 15.d5 Bc8 
16.b3 Bd7 17.h3 g6 18.Nh2 Bg7 19.f4 exf4 20.Bxf4 Nb7 21.Rf1 h6 22.Qd2 Kh7 
23.Be3 Nd8 24.Rf2 Ng8 25.Raf1 f6 26.h4 Nf7 27.e5 Nxe5 28.h5 Kh8 29.hxg6 
Re7 30.Rf4 Rae8 31.Rh4 c4 32.Bxh6 Nxh6 33.Rxh6+ Kg8 34.Nh5 Qc5+ 35.Kh1 
cxb3 36.axb3 Ng4 37.Nxg4 Bxg4 38.Nxg7 Kxg7 39.Rh4 1-0

[Event "Chigorin Memorial 2015"]
[Site "St Petersburg RUS"]
[Date "2015.10.08"]
[Round "6.157"]
[White "Yakovlev, YuriS"]
[Black "Morozov, B"]
[Result "1-0"]
[WhiteElo "1971"]
[BlackElo "1770"]
[EventDate "2015.10.03"]
[WhiteFideId "4173929"]
[BlackFideId "4129695"]
[EventType "swiss"]

1.e4 e5 2.Nf3 Nc6 3.Bc4 Nf6 4.d4 exd4 5.e5 Ng4 6.Bf4 d5 7.Bb5 Bc5 8.O-O 
Bd7 9.Bxc6 bxc6 10.Nxd4 g5 11.e6 gxf4 12.exd7+ Qxd7 13.Qe2+ Kf8 14.Nf3 Re8
15.Qd2 Bd6 16.Nc3 h5 17.Rae1 Re6 18.Ng5 Rxe1 19.Rxe1 Qf5 20.Nf3 h4 21.Qd3 
Qf6 22.h3 Ne5 23.Qe2 Nxf3+ 24.Qxf3 Rg8 25.Ne2 Qe5 26.Kf1 Qe4 27.Qxe4 dxe4 
28.Nd4 Rg5 29.Rxe4 c5 30.Nf3 Rd5 31.Ke2 f5 32.Ra4 Be5 33.Nxe5 Rxe5+ 34.Kf3
Ke7 35.Rxf4 Rd5 36.Rxh4 Rd2 37.Rc4 Kd6 38.h4 Kd5 39.b3 a5 40.h5 a4 41.h6 
axb3 42.axb3 Rd1 43.Rh4 Rd4 44.Rxd4+ 1-0

[Event "Chigorin Memorial 2015"]
[Site "St Petersburg RUS"]
[Date "2015.10.08"]
[Round "6.159"]
[White "Kamnev, Alexander"]
[Black "Sapegin, Yaroslav"]
[Result "1/2-1/2"]
[WhiteElo "1951"]
[BlackElo "1769"]
[EventDate "2015.10.03"]
[WhiteFideId "24176753"]
[BlackFideId "44168322"]
[EventType "swiss"]

1.e4 e5 2.Nf3 Nc6 3.Bc4 Bc5 4.d3 Nf6 5.c3 O-O 6.O-O d5 7.exd5 Nxd5 8.Nbd2 
Nb6 9.Bb5 Bg4 10.Ne4 Bd6 11.h3 Bh5 12.Ng3 Bg6 13.Re1 f6 14.Bxc6 bxc6 15.d4
Re8 16.dxe5 Bxe5 17.Nxe5 Qxd1 18.Rxd1 Rxe5 19.Bf4 Re7 20.Re1 Rxe1+ 21.Rxe1
Nd5 22.Bd2 c5 23.f4 Bd3 24.Ne4 c4 25.Nc5 Bg6 26.Kf2 Rb8 27.Bc1 h5 28.Ne6 
Kf7 29.Nd4 Bd3 30.Nc6 Ra8 31.Nd4 Rb8 32.Nf3 a5 33.Rd1 c6 34.Ne1 Bb1 35.a3 
Re8 36.Rd4 Re4 37.Rxe4 Bxe4 38.g4 hxg4 39.hxg4 g6 40.Be3 a4 41.Bc1 f5 42.
gxf5 gxf5 1/2-1/2

[Event "Chigorin Memorial 2015"]
[Site "St Petersburg RUS"]
[Date "2015.10.08"]
[Round "6.170"]
[White "Martynov, Petr"]
[Black "Tsyrendashiev, Bato"]
[Result "1-0"]
[WhiteElo "1889"]
[BlackElo "1631"]
[EventDate "2015.10.03"]
[WhiteFideId "24175900"]
[BlackFideId "44159617"]
[EventType "swiss"]

1.e4 e5 2.Bc4 Nc6 3.Nf3 Nf6 4.d3 Be7 5.O-O O-O 6.c3 d6 7.Nbd2 Na5 8.Bb5 a6
9.Ba4 b5 10.Bc2 c5 11.Re1 Bb7 12.Nf1 Nc6 13.Ne3 Re8 14.Nf5 Bf8 15.Bg5 h6 
16.Be3 Ne7 17.N3h4 d5 18.Qf3 d4 19.Bd2 Kh7 20.Nxh6 gxh6 21.Qxf6 Bg7 22.
Qxf7 Rf8 23.Qh5 Bc6 24.cxd4 Be8 25.Qe2 cxd4 26.Bb4 Bd7 27.Bb3 a5 28.Bxe7 
Qxe7 29.Nf5 Qf6 30.Nxg7 Qxg7 31.f3 Ra6 32.Rac1 Rg6 33.Rc7 Kh8 34.Rf1 Qe7 
35.Rf2 Qd6 36.Qc2 Bh3 37.Qc5 Qf6 38.Qa7 Be6 39.Rc6 Re8 40.Bxe6 Rxe6 41.
Rxe6 Qxe6 42.Qxa5 Qc6 43.g3 Rg8 44.Qb4 Rc8 45.Kg2 h5 46.Qe7 1-0